Catálogo
 En Linea
Vista normal Vista MARC

Entrada Nombre personal

Número de registros utilizados en: 1

001 - NÚMERO DE CONTROL

  • campo de control: 81469

003 - IDENTIFICADOR DEL NÚMERO DE CONTROL

  • campo de control: DO-SdBNP

005 - FECHA Y HORA DE LA ÚLTIMA TRANSACCIÓN

  • campo de control: 20220419123842.0

008 - DATOS DE LONGITUD FIJA

  • campo de control de longitud fija: 220419|| aca||aabn | a|a d

040 ## - FUENTE DE LA CATALOGACIÓN

  • Centro catalogador/agencia de origen: DO-SdBNP
  • Centro/agencia transcriptor: DO-SdBNP

100 ## - ENCABEZAMIENTO-NOMBRE DE PERSONA

  • Nombre de persona: Cabezas Terrero, Maria de las Mercedes
  • Fechas asociadas al nombre: 1911-1993

670 ## - FUENTE DE DATOS ENCONTRADOS

  • Cita de la fuente: Work cat.: (DO-SdBNP)49817: Palomo Iglesias O.P. , P. Crescencio 78701, Biografía de la sierva de Dios María de las Mercedes Cabeza Terrero : , 2009.

Con tecnología Koha